[Event "Mittelfranken-chTB2b 1819"]
[Site "Mittelfranken"]
[Date "2018.10.14"]
[Round "1.7"]
[White "Kreiner, Daniel"]
[Black "Meyer, Juergen"]
[Result "0-1"]
[WhiteElo "1427"]
[BlackElo "1741"]
[PlyCount "100"]
[EventDate "2018.10.14"]
[EventType "team-tourn"]
[EventRounds "9"]
[EventCountry "GER"]
[SourceTitle "EXT 2022"]
[Source "ChessBase"]
[SourceDate "2021.10.06"]
[SourceVersion "1"]
[SourceVersionDate "2021.10.06"]
[SourceQuality "1"]
[WhiteTeam "Grossenseebach"]
[BlackTeam "Uttenreuth"]
[WhiteTeamCountry "GER"]
[BlackTeamCountry "GER"]

1. e4 c5 2. c3 d6 3. d4 cxd4 4. cxd4 g6 5. Nc3 Bg7 6. f4 e6 7. Nf3 Ne7 8. Be2 0-0 9. 0-0 d5 10. e5 a6 11. b3 Nbc6 12. Ba3 b5 13. Bxe7 Qxe7 14. Rc1 Bd7 15. g4 Rfc8 16. f5 Qb4 17. fxg6 fxg6 18. Qd2 Rf8 19. Rcd1 Rac8 20. Nb1 Rc7 21. Qxb4 Nxb4 22. a3 Nc6 23. h3 Rfc8 24. b4 Ne7 25. Bd3 Bh6 26. Kf2 Bc1 27. Kg3 Bb2 28. Rd2 Bc3 29. Rc2 Ba1 30. Rxc7 Rxc7 31. Rd1 Bb2 32. Rd2 Bc1 33. Rd1 g5 34. h4 h6 35. h5 Be3 36. Re1 Bf4+ 37. Kf2 Nc8 38. Re2 Nb6 39. Rc2 Rxc2+ 40. Bxc2 Nc4 41. Ke2 Ne3 42. Kd3 Nxg4 43. Kc3 Be8 44. Bg6 Bxg6 45. hxg6 h5 46. Nbd2 h4 47. Nf1 h3 48. Kb3 h2 49. N1xh2 Nxh2 50. Ne1 Be3 0-1

[Event "Helsingor Xtracon op"]
[Site "Helsingor"]
[Date "2018.07.21"]
[Round "1"]
[White "Meyer, Juergen"]
[Black "Ochsner, Bjorn Moller"]
[Result "0-1"]
[WhiteElo "1908"]
[BlackElo "2469"]
[PlyCount "106"]
[EventDate "2018.07.21"]
[EventType "swiss"]
[EventRounds "10"]
[EventCountry "DEN"]
[SourceTitle "CBM 185 Extra"]
[Source "ChessBase"]
[SourceDate "2018.07.29"]
[SourceVersion "1"]
[SourceVersionDate "2018.07.29"]
[SourceQuality "1"]

1. e4 c5 2. Nf3 d6 3. d4 cxd4 4. Qxd4 a6 5. c4 Nc6 6. Qd2 g6 7. b3 Bg7 8. Bb2 Nf6 9. Nc3 0-0 10. h3 Nd7 11. Nd5 Nde5 12. Be2 e6 13. Ne3 Nxf3+ 14. Bxf3 Ne5 15. Be2 b5 16. Ng4 Qb6 17. Nxe5 dxe5 18. Qb4 Rd8 19. cxb5 Bb7 20. 0-0 a5 21. Qe1 Bxe4 22. Rd1 Qb7 23. Rxd8+ Rxd8 24. f3 Bd5 25. Bc3 a4 26. Qa1 Qa7+ 27. Kh1 axb3 28. axb3 Qxa1 29. Rxa1 e4 30. Bxg7 Kxg7 31. Rd1 Ra8 32. Bc4 e3 33. Re1 Bxc4 34. bxc4 Ra3 35. b6 Rb3 36. b7 Rxb7 37. Rxe3 Rc7 38. Rc3 Kf6 39. Kh2 Ke5 40. Kg3 Kd4 41. Rc1 Rxc4 42. Re1 Kd5 43. h4 e5 44. Rd1+ Ke6 45. Rd3 Rc2 46. Ra3 h5 47. Ra7 Rd2 48. Rb7 Rd7 49. Rb3 f5 50. Rb6+ Rd6 51. Rb3 Kd5 52. Rd3+ Kc5 53. Ra3 Kb4 0-1

[Event "Helsingor Xtracon op"]
[Site "Helsingor"]
[Date "2017.07.23"]
[Round "2"]
[White "Shehzad, Shazil Khan"]
[Black "Meyer, Juergen"]
[Result "0-1"]
[WhiteElo "1678"]
[BlackElo "1928"]
[PlyCount "117"]
[EventDate "2017.07.22"]
[EventType "swiss"]
[EventRounds "10"]
[EventCountry "DEN"]
[SourceTitle "CBM 179 Extra"]
[Source "ChessBase"]
[SourceDate "2017.08.23"]
[SourceVersion "1"]
[SourceVersionDate "2017.08.23"]
[SourceQuality "1"]

1. e4 e6 2. d4 d5 3. Nd2 Nf6 4. e5 Nfd7 5. Bd3 c5 6. c3 Nc6 7. Ne2 cxd4 8. cxd4 f6 9. exf6 Nxf6 10. 0-0 Bd6 11. Nf3 Qc7 12. Bg5 0-0 13. Bh4 Nh5 14. Qc2 h6 15. Bh7+ Kh8 16. Bg6 Rxf3 17. Bxh5 Rf8 18. Bg3 Bxg3 19. fxg3 Bd7 20. Nf4 Kg8 21. Qc5 Qb6 22. Qd6 Qxd4+ 23. Kh1 Rad8 24. h3 Qb4 25. Qxb4 Nxb4 26. a3 Nc6 27. Rfe1 Rf6 28. h4 Kh7 29. Re2 Nd4 30. Re5 g6 31. Bg4 Nf5 32. Kh2 Rc8 33. Rae1 Rc6 34. Bh3 h5 35. Bxf5 Rxf5 36. Rxf5 gxf5 37. Nxh5 Kg6 38. Nf4+ Kf6 39. Re2 Rd6 40. Kg1 e5 41. Nd3 Bb5 42. Rd2 Bxd3 43. Rxd3 d4 44. Kf1 Rb6 45. Rd2 Ke6 46. Ke2 Kd5 47. Kd3 Rb3+ 48. Ke2 Rxg3 49. Kf2 f4 50. Rc2 Rb3 51. a4 d3 52. Rd2 e4 53. Ke1 Kd4 54. h5 e3 55. Rd1 Rxb2 56. h6 Rxg2 57. Kf1 Rh2 58. Kg1 Rxh6 59. a5 0-1

[Event "Helsingor Xtracon op"]
[Site "Helsingor"]
[Date "2017.07.22"]
[Round "1"]
[White "Meyer, Juergen"]
[Black "Sasikiran, Krishnan"]
[Result "0-1"]
[WhiteElo "1928"]
[BlackElo "2688"]
[PlyCount "48"]
[EventDate "2017.07.22"]
[EventType "swiss"]
[EventRounds "10"]
[EventCountry "DEN"]
[SourceTitle "CBM 179 Extra"]
[Source "ChessBase"]
[SourceDate "2017.08.23"]
[SourceVersion "1"]
[SourceVersionDate "2017.08.23"]
[SourceQuality "1"]

1. e4 c5 2. Nf3 d6 3. d4 cxd4 4. Qxd4 Nf6 5. Nc3 a6 6. Be3 Nbd7 7. h3 e5 8. Qd3 b5 9. Nd5 Bb7 10. Nxf6+ Nxf6 11. Nd2 d5 12. exd5 Nxd5 13. 0-0-0 Qc7 14. Kb1 Rd8 15. Rg1 Bb4 16. Qb3 Nxe3 17. Qxe3 0-0 18. Bd3 Bc5 19. Qg3 f5 20. Rge1 Bd6 21. Qg5 e4 22. Nxe4 fxe4 23. Bxe4 Bxe4 24. Rxe4 Be7 0-1

[Event "Reykjavik op"]
[Site "Reykjavik"]
[Date "2017.04.26"]
[Round "9"]
[White "Yakimenko, Alexander A"]
[Black "Meyer, Juergen"]
[Result "1-0"]
[WhiteElo "2145"]
[BlackElo "1944"]
[PlyCount "97"]
[EventDate "2017.04.19"]
[EventType "swiss"]
[EventRounds "10"]
[EventCountry "ISL"]
[SourceTitle "CBM 178 Extra"]
[Source "ChessBase"]
[SourceDate "2017.06.22"]
[SourceVersion "1"]
[SourceVersionDate "2017.06.22"]
[SourceQuality "1"]

1. e4 e6 2. d4 d5 3. e5 c5 4. c3 Qb6 5. Nf3 Bd7 6. Be2 cxd4 7. cxd4 Bb5 8. 0-0 Bxe2 9. Qxe2 Ne7 10. Nc3 Nec6 11. Be3 Be7 12. Rad1 h6 13. a3 Nd7 14. b4 Qd8 15. Na4 Nb6 16. Nc5 Bxc5 17. bxc5 Nc4 18. Bc1 Qe7 19. Ne1 0-0-0 20. f4 g6 21. Nf3 Kb8 22. g3 Ka8 23. h3 Rb8 24. g4 b6 25. cxb6 Rxb6 26. f5 exf5 27. gxf5 N6a5 28. fxg6 Rxg6+ 29. Kh2 Rhg8 30. Rg1 Nb3 31. Bxh6 Rxg1 32. Rxg1 Rxg1 33. Kxg1 Qxa3 34. Qg2 Qa1+ 35. Kh2 Qb2 36. Qxb2 Nxb2 37. h4 Nd3 38. Kg3 a5 39. h5 a4 40. Bf8 Nxd4 41. Nxd4 Nxe5 42. Bd6 Ng6 43. Kg4 Kb7 44. Kf5 Kc8 45. Kf6 Kd7 46. Bc5 Ke8 47. h6 Nh8 48. h7 Ng6 49. Nf5 1-0

[Event "Schleswig Holstein-ch VM"]
[Site "Eckernfoerde"]
[Date "2016.03.21"]
[Round "4"]
[White "Meyer, Juergen"]
[Black "Hoffmann, Joachim"]
[Result "0-1"]
[WhiteElo "1969"]
[BlackElo "1866"]
[PlyCount "20"]
[EventDate "2016.03.19"]
[EventType "swiss"]
[EventRounds "9"]
[EventCountry "GER"]
[SourceTitle "EXT 2018"]
[Source "ChessBase"]
[SourceDate "2017.10.13"]
[SourceVersion "1"]
[SourceVersionDate "2017.10.13"]
[SourceQuality "1"]

1. e4 d5 2. exd5 Qxd5 3. Nc3 Qd6 4. d4 Nf6 5. Nf3 c6 6. Bc4 Bg4 7. Bxf7+ Kxf7 8. Ne5+ Qxe5+ 9. dxe5 Bxd1 10. exf6 Bxc2 0-1

[Event "Mittelfranken-chTB2b 1516"]
[Site "Mittelfranken"]
[Date "2015.11.22"]
[Round "3.6"]
[White "Gueldner, Udo"]
[Black "Meyer, Juergen"]
[Result "1/2-1/2"]
[WhiteElo "1791"]
[BlackElo "1735"]
[PlyCount "27"]
[EventDate "2015.10.18"]
[EventType "team-tourn"]
[EventRounds "9"]
[EventCountry "GER"]
[SourceTitle "EXT 2020"]
[Source "ChessBase"]
[SourceDate "2019.10.17"]
[SourceVersion "1"]
[SourceVersionDate "2019.10.17"]
[SourceQuality "1"]
[WhiteTeam "Forchheim III"]
[BlackTeam "Uttenreuth"]
[WhiteTeamCountry "GER"]
[BlackTeamCountry "GER"]

1. d4 d5 2. Nf3 c6 3. Bf4 e6 4. Nbd2 f5 5. e3 Nf6 6. Ne5 Nbd7 7. Ndf3 Be7 8. Bd3 0-0 9. c3 c5 10. h3 c4 11. Bc2 Ne4 12. Nxd7 Bxd7 13. Ne5 Be8 14. 0-0 1/2-1/2